[Event "Mumbai Wealth op 3rd"]
[Site "Mumbai"]
[Date "2018.01.07"]
[Round "9"]
[White "Kulkarni, Vinayak"]
[Black "Girish, A Koushnik"]
[Result "1/2-1/2"]
[WhiteElo "2230"]
[BlackElo "2412"]
[PlyCount "142"]
[EventDate "2017.12.30"]
[EventType "swiss"]
[EventRounds "9"]
[EventCountry "IND"]
[SourceTitle "CBM 182 Extra"]
[Source "ChessBase"]
[SourceDate "2018.02.23"]
[SourceVersion "1"]
[SourceVersionDate "2018.02.23"]
[SourceQuality "1"]

1. d4 Nf6 2. c4 g6 3. Nc3 d5 4. Nf3 Bg7 5. h4 dxc4 6. e4 Bg4 7. Bxc4 O-O 8. Be3
c5 9. dxc5 Nbd7 10. O-O Qc8 11. Be2 Nxc5 12. Rc1 b6 13. b4 Ne6 14. Ng5 Bxe2 15.
Qxe2 Qb7 16. Nxe6 fxe6 17. Qc4 Kf7 18. f3 Rac8 19. Qb3 Qb8 20. Ne2 Nh5 21. Rfd1
Ng3 22. Nf4 Qe5 23. Kf2 Nh5 24. Nxh5 Qxh5 25. Bg5 Rxc1 26. Rxc1 Bh6 27. g4 Bxg5
28. gxh5 Bxc1 29. hxg6+ hxg6 30. Qa4 Rc8 31. Qxa7 Rc2+ 32. Ke1 Be3 33. a4 Ra2
34. b5 Bd2+ 35. Kd1 Ba5 36. Qb8 Ra1+ 37. Kc2 Rxa4 38. Qf4+ Kg7 39. Qe5+ Kf7 40.
Qh8 Rc4+ 41. Kd3 Rc3+ 42. Ke2 Rc2+ 43. Ke3 Rc3+ 44. Kf4 Rc5 45. Qh7+ Ke8 46.
Qxg6+ Kd7 47. Ke3 Rxb5 48. h5 Rb3+ 49. Ke2 Rb2+ 50. Kd1 Rd2+ 51. Kc1 Rh2 52.
Kb1 Bd2 53. Qg1 Bf4 54. Qd4+ Ke8 55. Qxb6 Kf7 56. Qc5 e5 57. Qd5+ Kg7 58. Qe6
Rxh5 59. Qxe7+ Kg6 60. Qe8+ Kg5 61. Qg8+ Kf6 62. Kc2 Rh1 63. Kd3 Rd1+ 64. Kc4
Rd4+ 65. Kc5 Rd2 66. Qh7 Ke6 67. Kc4 Rd4+ 68. Kc3 Rd7 69. Qf5+ Ke7 70. Kc4 Rd4+
71. Kc3 Rd7 1/2-1/2

[Event "Bengaluru Karnataka op"]
[Site "Bengaluru"]
[Date "2018.04.14"]
[Round "2"]
[White "Girish, A Koushnik"]
[Black "Pratham, Singh"]
[Result "1-0"]
[WhiteElo "2401"]
[BlackElo "1156"]
[PlyCount "65"]
[EventDate "2018.04.14"]
[EventType "swiss"]
[EventRounds "10"]
[EventCountry "IND"]
[SourceTitle "CBM 184 Extra"]
[Source "ChessBase"]
[SourceDate "2018.06.28"]
[SourceVersion "1"]
[SourceVersionDate "2018.06.28"]
[SourceQuality "1"]

1. e4 c5 2. Nf3 d6 3. c3 Nc6 4. d4 cxd4 5. cxd4 Nf6 6. Nc3 g6 7. h3 Bg7 8. Be2
O-O 9. Be3 Qa5 10. O-O Bd7 11. a3 Qd8 12. b4 a5 13. b5 Na7 14. a4 Rc8 15. Rc1
Kh8 16. Qd2 Rg8 17. e5 dxe5 18. dxe5 Ne8 19. Bxa7 Ra8 20. Rfd1 Rxa7 21. Qxd7
Qxd7 22. Rxd7 Bf8 23. Bc4 Kg7 24. Rd8 Nc7 25. b6 Ra8 26. bxc7 e6 27. Rxa8 h6
28. c8=Q b6 29. Bxe6 fxe6 30. Qxe6 Kh8 31. Nd5 b5 32. Nf6 Bg7 33. Rxg8# 1-0

[Event "Bengaluru Karnataka op"]
[Site "Bengaluru"]
[Date "2018.04.15"]
[Round "3"]
[White "Brijesh, M."]
[Black "Girish, A Koushnik"]
[Result "0-1"]
[WhiteElo "1358"]
[BlackElo "2401"]
[PlyCount "68"]
[EventDate "2018.04.14"]
[EventType "swiss"]
[EventRounds "10"]
[EventCountry "IND"]
[SourceTitle "CBM 184 Extra"]
[Source "ChessBase"]
[SourceDate "2018.06.28"]
[SourceVersion "1"]
[SourceVersionDate "2018.06.28"]
[SourceQuality "1"]

1. e4 e5 2. Nf3 Nc6 3. Bc4 Nf6 4. d3 Be7 5. c3 O-O 6. b4 a6 7. a4 d5 8. exd5
Nxd5 9. O-O Bg4 10. Bb2 Nf4 11. Bc1 g5 12. Bxf4 gxf4 13. Nbd2 Bd6 14. Ne4 Kh8
15. h3 Bh5 16. Nxd6 cxd6 17. Bd5 Rg8 18. Kh2 Rg7 19. g4 fxg3+ 20. fxg3 f5 21.
Qe1 Ne7 22. Bb3 Ng6 23. Qf2 Bxf3 24. Qxf3 f4 25. g4 Rc8 26. Rac1 Qf6 27. Bd5
Rcc7 28. c4 Nh4 29. Qf2 h5 30. Rg1 hxg4 31. hxg4 Rh7 32. Be4 f3 33. Rg3 Qf4 34.
Bxh7 Rxh7 0-1

[Event "Bengaluru Karnataka op"]
[Site "Bengaluru"]
[Date "2018.04.16"]
[Round "5"]
[White "Shiva, S."]
[Black "Girish, A Koushnik"]
[Result "0-1"]
[WhiteElo "1761"]
[BlackElo "2401"]
[PlyCount "54"]
[EventDate "2018.04.14"]
[EventType "swiss"]
[EventRounds "10"]
[EventCountry "IND"]
[SourceTitle "CBM 184 Extra"]
[Source "ChessBase"]
[SourceDate "2018.06.28"]
[SourceVersion "1"]
[SourceVersionDate "2018.06.28"]
[SourceQuality "1"]

1. e4 c5 2. b3 Nc6 3. Bb2 e5 4. Nf3 d6 5. Be2 Nf6 6. d3 g6 7. Nbd2 Bg7 8. Nf1
O-O 9. Ne3 Re8 10. O-O d5 11. exd5 Nxd5 12. Nxd5 Qxd5 13. Re1 Qd7 14. c3 b6 15.
Qc2 Bb7 16. Rad1 Rad8 17. Bc1 h6 18. Nd2 Ne7 19. Bf3 Nd5 20. g3 e4 21. Nxe4
Nxc3 22. Bxh6 Nxd1 23. Bxg7 Kxg7 24. Rxd1 Qd4 25. h4 Re5 26. Nd2 Qxd3 27. Qb2
Qd4 0-1

[Event "Bengaluru Karnataka op"]
[Site "Bengaluru"]
[Date "2018.04.16"]
[Round "6"]
[White "Girish, A Koushnik"]
[Black "Manjunath, J."]
[Result "1-0"]
[WhiteElo "2401"]
[BlackElo "1986"]
[PlyCount "91"]
[EventDate "2018.04.14"]
[EventType "swiss"]
[EventRounds "10"]
[EventCountry "IND"]
[SourceTitle "CBM 184 Extra"]
[Source "ChessBase"]
[SourceDate "2018.06.28"]
[SourceVersion "1"]
[SourceVersionDate "2018.06.28"]
[SourceQuality "1"]

1. Nf3 d5 2. c4 c6 3. b3 Nf6 4. Bb2 Bf5 5. g3 e6 6. Bg2 Nbd7 7. O-O Be7 8. d3
h6 9. Nbd2 O-O 10. Qc2 Bh7 11. Bc3 Rc8 12. Qb2 b5 13. cxb5 cxb5 14. Rac1 Qb6
15. b4 Qa6 16. Nb3 Rfd8 17. a3 Qd6 18. Bd4 Qb8 19. Ne5 Nxe5 20. Bxe5 Qa8 21.
Bh3 Ne8 22. Rxc8 Rxc8 23. Rc1 Bf8 24. Nd4 Bg6 25. Nxb5 Rxc1+ 26. Qxc1 a5 27.
bxa5 Qxa5 28. Qb2 Qe1+ 29. Bf1 Bc5 30. Bd4 Bxd4 31. Nxd4 Nf6 32. h3 Qd1 33. Nf3
Bxd3 34. exd3 Qxf3 35. a4 Qd1 36. Qa3 e5 37. a5 e4 38. dxe4 Nxe4 39. a6 Nd2 40.
Qd3 Nf3+ 41. Kh1 Qa1 42. a7 Qxa7 43. Qxf3 d4 44. Bc4 Qd7 45. Kg2 Kf8 46. Qd5
1-0

[Event "Bengaluru Karnataka op"]
[Site "Bengaluru"]
[Date "2018.04.17"]
[Round "7"]
[White "Arvind, Shastry"]
[Black "Girish, A Koushnik"]
[Result "1/2-1/2"]
[WhiteElo "2175"]
[BlackElo "2401"]
[PlyCount "127"]
[EventDate "2018.04.14"]
[EventType "swiss"]
[EventRounds "10"]
[EventCountry "IND"]
[SourceTitle "CBM 184 Extra"]
[Source "ChessBase"]
[SourceDate "2018.06.28"]
[SourceVersion "1"]
[SourceVersionDate "2018.06.28"]
[SourceQuality "1"]

1. d4 Nf6 2. Nf3 e6 3. c4 d5 4. Nc3 c6 5. cxd5 exd5 6. Bg5 Be7 7. Qc2 g6 8.
Bxf6 Bxf6 9. e4 dxe4 10. Qxe4+ Qe7 11. Bc4 Bf5 12. Qxe7+ Kxe7 13. O-O-O Rd8 14.
Rhe1+ Kf8 15. Ne4 Bxe4 16. Rxe4 Nd7 17. Bb3 Nb6 18. g4 Nd5 19. h4 Re8 20. Rde1
Rxe4 21. Rxe4 Re8 22. Rxe8+ Kxe8 23. Kd2 Ke7 24. Kd3 Nc7 25. h5 gxh5 26. gxh5
h6 27. Ne5 Ne6 28. Ke4 Bxe5 29. Kxe5 f6+ 30. Ke4 Ng7 31. Bd1 Ke6 32. Bb3+ Kd6
33. Bd1 f5+ 34. Ke3 Ke7 35. f4 Ne8 36. Bf3 Kd6 37. Bd1 Nf6 38. Bc2 Nd5+ 39. Kf3
Ne7 40. Bb3 a5 41. a3 b5 42. Ke3 Nc8 43. Bc2 Ke6 44. Bb3+ Ke7 45. a4 Nb6 46.
axb5 cxb5 47. d5 a4 48. Bc2 Kd6 49. Kd4 Nxd5 50. Bxf5 Nxf4 51. Bg4 Nd5 52. Be2
b4 53. Kc4 a3 54. bxa3 bxa3 55. Kb3 a2 56. Kb2 Nb4 57. Bc4 Ke7 58. Bxa2 Nxa2
59. Kxa2 Kf6 60. Kb2 Kg5 61. Kc2 Kxh5 62. Kd2 Kg4 63. Ke2 Kg3 64. Kf1 1/2-1/2

[Event "Bengaluru Karnataka op"]
[Site "Bengaluru"]
[Date "2018.04.17"]
[Round "8"]
[White "Girish, A Koushnik"]
[Black "Augustin, A."]
[Result "1-0"]
[WhiteElo "2401"]
[BlackElo "2065"]
[PlyCount "65"]
[EventDate "2018.04.14"]
[EventType "swiss"]
[EventRounds "10"]
[EventCountry "IND"]
[SourceTitle "CBM 184 Extra"]
[Source "ChessBase"]
[SourceDate "2018.06.28"]
[SourceVersion "1"]
[SourceVersionDate "2018.06.28"]
[SourceQuality "1"]

1. Nf3 f5 2. c4 Nf6 3. g3 g6 4. Bg2 Bg7 5. Nc3 d6 6. d4 O-O 7. O-O Qe8 8. d5
Bd7 9. Rb1 Na6 10. b4 c6 11. dxc6 bxc6 12. a3 Nc7 13. Bb2 h6 14. c5 dxc5 15.
bxc5 Nh7 16. Na4 Ng5 17. Bxg7 Nxf3+ 18. exf3 Kxg7 19. f4 Nd5 20. Re1 e6 21. Rb7
Rf7 22. Nb2 Rb8 23. Rxa7 Bc8 24. Qd4+ Kg8 25. Rxf7 Qxf7 26. Nc4 Ba6 27. Ne5 Qe8
28. h4 Bb5 29. a4 Ba6 30. Nxc6 Qxc6 31. Rxe6 Qxe6 32. Bxd5 Rb1+ 33. Kh2 1-0

[Event "Bengaluru Karnataka op"]
[Site "Bengaluru"]
[Date "2018.04.18"]
[Round "9"]
[White "Girish, A Koushnik"]
[Black "Stany, George Anthony"]
[Result "1-0"]
[WhiteElo "2401"]
[BlackElo "2493"]
[PlyCount "61"]
[EventDate "2018.04.14"]
[EventType "swiss"]
[EventRounds "10"]
[EventCountry "IND"]
[SourceTitle "CBM 184 Extra"]
[Source "ChessBase"]
[SourceDate "2018.06.28"]
[SourceVersion "1"]
[SourceVersionDate "2018.06.28"]
[SourceQuality "1"]

1. d4 Nf6 2. c4 g6 3. f3 d5 4. cxd5 Nxd5 5. e4 Nb6 6. Nc3 Bg7 7. Be3 O-O 8. Qd2
e5 9. d5 c6 10. O-O-O cxd5 11. exd5 N8d7 12. h4 Nf6 13. Nh3 Bd7 14. Kb1 Rc8 15.
Nf2 Na4 16. Nce4 Qc7 17. Nxf6+ Bxf6 18. Ne4 Bg7 19. Be2 b5 20. h5 f5 21. Rc1
Qd8 22. h6 Bh8 23. Bg5 Qb6 24. d6 fxe4 25. Rxc8 Bxc8 26. d7 Bxd7 27. Qxd7 Bf6
28. Rc1 Rd8 29. Rc8 exf3 30. Bxf6 Qg1+ 31. Bd1 1-0

[Event "Gashimov Memorial 5th"]
[Site "Shamkir"]
[Date "2018.04.25"]
[Round "6"]
[White "Giri, Anish"]
[Black "Navara, David"]
[Result "1-0"]
[WhiteElo "2777"]
[BlackElo "2745"]
[Annotator "Roiz,M"]
[PlyCount "55"]
[EventDate "2018.04.19"]
[EventType "tourn"]
[EventRounds "9"]
[EventCountry "AZE"]
[EventCategory "21"]
[SourceTitle "CBM 184"]
[Source "ChessBase"]
[SourceDate "2018.05.16"]
[SourceVersion "1"]
[SourceVersionDate "2018.05.16"]
[SourceQuality "1"]

1. e4 c6 2. d4 d5 3. e5 Bf5 4. Nf3 e6 5. Be2 c5 {The most challenging way of
handling the position - attacking the opponent's centre is Black's main goal
in such positions.} 6. Be3 Qb6 {Again, the most ambitious continuation. On the
other hand, now White's development advantage is getting obvious.} 7. Nc3 Nc6
8. Na4 ({Much more popular is} 8. O-O Qxb2 9. Qe1 {, as was played by GM
Karjakin few days before. It looks like David was perfectly prepared for it
and achieved a comfortable draw:} cxd4 10. Bxd4 Nxd4 11. Nxd4 Bb4 12. Ndb5 Ba5
13. g4 {This move is a novelty, but David wasn't surprised} Bg6 14. Rb1 Qxc2
15. Rc1 Qb2 16. f4 Ne7 17. Nd6+ Kf8 18. f5 exf5 19. gxf5 Nxf5 20. Nxf5 Rc8 21.
Bb5 Bxf5 22. e6 f6 23. Rxf5 Bxc3 24. Rxc3 Qxc3 25. e7+ Kf7 26. e8=Q+ Rhxe8 27.
Bxe8+ Kf8 28. Qxc3 Rxc3 {Karjakin,S - Navara,D Shamkir AZE 2018, and the
players entered into this roughly equal endgame very quickly.}) 8... Qa5+ 9. c3
cxd4 {Opening up the position would definitely suit White.} ({Deserving of
attention is} 9... c4 $5 {, keeping the position closed} 10. b4 (10. O-O b5 11.
Nc5 Bxc5 12. dxc5 Nge7 13. b4 Qd8 ({A better move is} 13... Qa3 $1 14. Qc1 Qxc1
15. Rfxc1 Kd7 16. a4 a6 17. Ra2 Rhb8 18. Rca1 bxa4 19. Rxa4 a5 $132) 14. a4 a6
15. Nd4 Nxd4 16. Bxd4 Nc6 17. Qd2 $14 {Inarkiev,E - Dreev,A Olginka 2011})
10... Qd8 ({A better try is} 10... Bxb4 $1 11. cxb4 Nxb4 12. Nc5 Nc2+ 13. Kf1
Nxa1 14. Qxa1 Qc7 $132 {with double-edged play.}) 11. O-O h6 12. Ne1 b5 13. Nb2
Nge7 14. a4 a6 15. g4 Bh7 16. Ng2 h5 17. f3 $14 {Sethuraman,S - Zhou,J
Hyderabad 2015}) 10. Nxd4 Nxd4 11. Bxd4 Ne7 {The knight is heading to c6 in
order to cover the a4-e8 diagonal and put pressure on the Pe5.} 12. O-O (12.
Qb3 $5 {might also pose Black some problems, even though after} Qc7 13. Nc5 Nc6
({But it is dangerous to play} 13... O-O-O 14. Qa4 Nc6 15. O-O Bxc5 $6 16. Bxc5
Qxe5 17. Bb5 $16 {Le Quang Liem - Rozum,I Hanoi VIE 2018}) 14. Qxb7 Qxb7 15.
Nxb7 Nxd4 16. cxd4 Bb4+ 17. Kd1 Rb8 18. Ba6 Bd3 19. Bxd3 Rxb7 20. Rc1 Kd7 {
Xiong,J - Liang,A Saint Louis USA 2018, when Black managed to hold.}) (12. Nc5
{was tested on the highest level 3 years ago:} Qc7 13. g4 Bg6 14. f4 Nc6 15.
O-O Nxd4 16. cxd4 Bxc5 17. Rc1 O-O 18. Rxc5 Qd7 19. Qb3 Be4 20. Rfc1 Rac8 $11 {
Vachier Lagrave,M - So,W Shamkir 2015}) 12... Nc6 13. b4 Qc7 14. Rc1 Be7 {
David follows in GM Saltaev's footsteps, but this natural move might be
inaccurate.} (14... h6 $1 {seems more to the point, securing the retreat for
the Bf5. No doubt, this position was detaily analysed by Anish and his seconds
during the home preparation. Now the critical line is} 15. b5 ({Instead, after
} 15. g4 Bh7 16. f4 Be7 17. Bd3 Bxd3 18. Qxd3 O-O {White achieves nothing
special, since the f4-f5 break is not possible.}) 15... Nxe5 $1 {A brave
decision!} (15... Nxd4 16. cxd4 Qa5 17. Qb3 Be7 18. Nc5 $14) 16. c4 ({After} 
16. b6 axb6 17. Bb5+ Nc6 18. c4 dxc4 19. Rxc4 Bc5 20. Nxc5 bxc5 21. Bxc5 Rd8
22. Rd4 Rxd4 23. Qxd4 f6 {White hardly has more than sufficient compensation
for the pawn.}) 16... Ba3 $1 {Gaining an important tempo! Even though this
position looks scary for a human eye, the complications lead to an acceptable
endgame for Black:} 17. Rc3 (17. b6 axb6 18. Nxb6 O-O 19. Nxa8 Rxa8 20. cxd5
Qxc1 21. Qxc1 Bxc1 22. Rxc1 Ng6 $11) 17... Bb4 18. cxd5 Bxc3 19. Bxc3 Rd8 20.
d6 Rxd6 21. Bxe5 Rxd1 22. Bxc7 Rd2 23. b6 axb6 24. Bb5+ Ke7 {with roughly
equal chances.}) 15. g4 $1 $146 {This innovation is an undenieble improvement}
({over} 15. b5 Nxd4 16. cxd4 Qa5 17. Nc5 {Bok,B - Saltaev,M Bremen GER 2018} {
Now the natural} b6 $146 {would offer Black acceptable play:} 18. Nb7 Qxa2 19.
Nd6+ (19. Rc7 Qa3 20. Qa1 O-O 21. Qxa3 Bxa3 22. Nd6 Bg6 23. Ra1 Bb2 24. Ra4 f6
$132) 19... Bxd6 20. exd6 O-O 21. Rc7 Rac8 22. Qc1 Rxc7 23. dxc7 Rc8 24. Qc6
Qc2 25. Qxc2 Bxc2 26. Ra1 Kf8 27. Rxa7 Ke7 $11) 15... Be4 16. f3 Bg6 17. f4 {
The vulnerablity of Bg6 yields White time for extending his k-side initiative.}
Be4 {The most natural move.} (17... Qd7 {should be met by} 18. Bf2 $1 (18. Nc5
Qc8 19. c4 Nxd4 20. Qxd4 Bxc5 21. bxc5 Be4 22. cxd5 Bxd5 23. Bb5+ Bc6 {doesn't
offer White much.}) 18... h5 19. gxh5 Bf5 20. Nc5 $16) 18. Nc5 {It turns out,
that the Be4 is still in danger!} a5 ({In the event of} 18... Bxc5 19. Bxc5 h5
20. gxh5 $16 {Black's king would stuck in the centre for long time.}) ({
Hardly better is also} 18... Rd8 19. Qa4 O-O 20. Nxe4 dxe4 21. Be3 $16 {
White's bishops are very powerful, whereas the Pe4 is in big danger.}) 19. Be3
axb4 $2 {Only, this decision is inviting serious troubles.} ({Had David played
} 19... Bxc5 $1 20. Bxc5 g5 $1 21. Qd2 ({The tempting} 21. f5 {leads to a very
unclear position:} h5 (21... exf5 22. c4 O-O-O 23. Bd6 Qb6+ 24. Rf2 dxc4 25.
Bxc4 $16) 22. fxe6 fxe6 23. Rf2 hxg4 24. Bxg4 Nxe5 25. Bh5+ Kd7 26. c4 g4 27.
cxd5 Rag8 $132) 21... h5 $1 22. b5 Ne7 23. Bd6 Qd8 {the result of the game
would still be unpredictable, even though White's attacking prospects are
better.}) 20. cxb4 {Th Rc1 is joining the attack with great effect.} Ra3 {
This was the point of GM Navara's idea. However, the penetration of Black's
rook doesn't bother Anish.} 21. Bf2 Bxc5 (21... Qb8 22. Qd2 Qa8 23. b5 Nb4 (
23... Rxa2 $2 24. bxc6 Rxd2 25. cxb7 Qb8 26. Bb5+ Kf8 27. Nd7+ $18) 24. Qxb4 b6
25. Qxa3 Qxa3 26. Nxe4 dxe4 27. Rc8+ Bd8 28. Rd1 Ke7 29. f5 $16) 22. Bxc5 Rxa2
23. b5 $2 {This impulsive move could have spoiled the lion's part of Giri's
advantage!} ({A much stronger one was} 23. Ra1 {, exchanging the only active
piece of his opponent!} Rxa1 24. Qxa1 Kd7 25. Rc1 Rc8 26. b5 $18 {, and the
attack is unstoppable.}) 23... Bc2 $2 {Alas, David doesn't withstand the
pressure. Now Black loses on the spot.} ({At the same time, after} 23... Na5 $1
24. b6 Qc6 25. Rf2 Rxe2 $1 (25... Nc4 $5 26. Bxc4 Rxf2 27. Be2 Rg2+ 28. Kf1
Rxe2 29. Qxe2 Qa4 {is also not that clear.}) 26. Qxe2 Nb3 27. Rff1 Nxc5 28. Qe3
O-O 29. Qxc5 Qa4 {the vulnerablity of Kg1 makes it difficult for White to
convert the material advantage into a full point.}) 24. b6 ({Another
possibility was} 24. Rxc2 Rxc2 25. b6 Qc8 26. Qxc2 Nd4 27. Qa4+ $18) 24... Bxd1
25. bxc7 Kd7 26. Bxd1 {The rest is just an agony.} Kxc7 27. Bd6+ Kd7 28. Rb1
1-0

[Event "chess.com Speed 1m+1spm 2018"]
[Site "Chess.com INT"]
[Date "2018.09.07"]
[Round "1.22"]
[White "Mamedyarov, Shakhriyar"]
[Black "Giri, Anish"]
[Result "0-1"]
[WhiteElo "2801"]
[BlackElo "2782"]
[PlyCount "86"]
[EventDate "2018.07.24"]
[EventType "k.o. (blitz)"]
[EventRounds "4"]
[EventCountry "USA"]
[SourceTitle "CBM 186 Extra"]
[Source "ChessBase"]
[SourceDate "2018.08.24"]
[SourceVersion "1"]
[SourceVersionDate "2018.08.24"]
[SourceQuality "1"]

1. d4 d5 2. Nf3 Nf6 3. Bg5 Ne4 4. Bf4 c5 5. e3 Nc6 6. Nbd2 Nxd2 7. Qxd2 cxd4 8.
exd4 e6 9. c3 Be7 10. Bd3 O-O 11. h4 a6 12. g4 b5 13. g5 b4 14. h5 bxc3 15.
bxc3 Bd6 16. Kf1 a5 17. Kg2 Ba6 18. Bxa6 Rxa6 19. Bxd6 Qxd6 20. Rae1 Rb6 21.
Rh4 Ne7 22. h6 g6 23. Ne5 Nf5 24. Rh3 Qc7 25. Ng4 Rfb8 26. Nf6+ Kh8 27. Re2 a4
28. a3 Rb3 29. Qe1 Rb1 30. Qd2 Ra1 31. c4 dxc4 32. d5 e5 33. d6 Nxd6 34. Rxe5
Qc6+ 35. Rf3 Rb3 36. Ree3 Rxe3 37. Qxe3 Nf5 38. Qf4 Rb1 39. Kh2 Qd6 40. Qxd6
Nxd6 41. Re3 Rb8 42. Re7 c3 43. Rc7 Rc8 0-1

[Event "Maharashtra State-ch U25"]
[Site "Nasik"]
[Date "2018.08.10"]
[Round "4"]
[White "Giri, Abhishek"]
[Black "Tajane, Ganesh"]
[Result "1-0"]
[WhiteElo "1583"]
[BlackElo "1722"]
[PlyCount "73"]
[EventDate "2018.08.09"]
[EventType "swiss"]
[EventRounds "9"]
[EventCountry "IND"]
[SourceTitle "CBM 186 Extra"]
[Source "ChessBase"]
[SourceDate "2018.08.24"]
[SourceVersion "1"]
[SourceVersionDate "2018.08.24"]
[SourceQuality "1"]

1. e4 d5 2. Nc3 Nf6 3. e5 Nfd7 4. Nf3 e6 5. Ne2 c5 6. c3 Nc6 7. d4 Qb6 8. g3
cxd4 9. cxd4 f6 10. exf6 Nxf6 11. Bg2 Bb4+ 12. Nc3 Ne4 13. Qd3 e5 14. O-O Nxc3
15. bxc3 e4 16. Re1 O-O 17. Rxe4 Bf5 18. Nh4 Bxe4 19. Bxe4 dxe4 20. Qc4+ Kh8
21. Rb1 Qd8 22. cxb4 Qxd4 23. Qxd4 Nxd4 24. Be3 Nf3+ 25. Nxf3 exf3 26. h3 a6
27. a4 Rac8 28. g4 Rc3 29. Kh2 Re8 30. Kg3 Rf8 31. Bc5 Rf7 32. g5 Kg8 33. Rd1
Rf5 34. Rd8+ Kf7 35. Rd7+ Kg6 36. h4 Rf7 37. h5+ 1-0

[Event "Maharashtra State-ch U25"]
[Site "Nasik"]
[Date "2018.08.11"]
[Round "5"]
[White "Rohan, Bharat Joshi"]
[Black "Giri, Abhishek"]
[Result "1-0"]
[WhiteElo "1820"]
[BlackElo "1583"]
[PlyCount "80"]
[EventDate "2018.08.09"]
[EventType "swiss"]
[EventRounds "9"]
[EventCountry "IND"]
[SourceTitle "CBM 186 Extra"]
[Source "ChessBase"]
[SourceDate "2018.08.24"]
[SourceVersion "1"]
[SourceVersionDate "2018.08.24"]
[SourceQuality "1"]

1. e4 d5 2. exd5 Nf6 3. d4 Nxd5 4. Nf3 g6 5. Be2 Bg7 6. O-O O-O 7. c4 Nf6 8.
Nc3 c6 9. h3 Qc7 10. Bg5 Bf5 11. Qc1 Ne4 12. Bf4 Qa5 13. Nxe4 Bxe4 14. Nd2 Bf5
15. Nb3 Qd8 16. g4 Be6 17. Qe3 Na6 18. Rac1 Bd7 19. Rfd1 f5 20. g5 Qe8 21. d5
e5 22. dxe6 Qxe6 23. Rd6 Qxe3 24. fxe3 Be8 25. c5 Nb4 26. Nd4 Nd5 27. Ne6 Nxf4
28. exf4 Bxb2 29. Rb1 Ba3 30. Rb3 Bc1 31. Nxf8 Kxf8 32. Rf6+ Ke7 33. Rxb7+ Bd7
34. Bc4 Rd8 35. Rf7+ Ke8 36. Be6 Bxf4 37. Rfxd7 Rxd7 38. Bxd7+ Kd8 39. Bxc6
Be3+ 40. Kg2 Bxc5 1-0

[Event "Maharashtra State-ch U25"]
[Site "Nasik"]
[Date "2018.08.11"]
[Round "6"]
[White "Giri, Abhishek"]
[Black "Himanshu, S Chhabra"]
[Result "0-1"]
[WhiteElo "1583"]
[BlackElo "1797"]
[PlyCount "47"]
[EventDate "2018.08.09"]
[EventType "swiss"]
[EventRounds "9"]
[EventCountry "IND"]
[SourceTitle "CBM 186 Extra"]
[Source "ChessBase"]
[SourceDate "2018.08.24"]
[SourceVersion "1"]
[SourceVersionDate "2018.08.24"]
[SourceQuality "1"]

1. Nf3 Nf6 2. g3 b6 3. Bg2 Bb7 4. d3 e6 5. Nbd2 Be7 6. O-O O-O 7. e4 d6 8. h3
Nbd7 9. c3 c5 10. Ne1 Qc7 11. f4 e5 12. Ndf3 c4 13. fxe5 dxe5 14. Kh2 Rad8 15.
dxc4 Nxe4 16. Qe2 Ndf6 17. Ng5 Nxg5 18. Bxg5 h6 19. Bxf6 Bxf6 20. Nf3 e4 21.
Nd2 Rd3 22. Nxe4 Bxe4 23. Qxe4 Qxg3+ 24. Kh1 0-1